<?xml version="1.0" encoding="UTF-8"?>
<record
    xmlns:xsi="http://www.w3.org/2001/XMLSchema-instance"
    xsi:schemaLocation="http://www.loc.gov/MARC21/slim http://www.loc.gov/standards/marcxml/schema/MARC21slim.xsd"
    xmlns="http://www.loc.gov/MARC21/slim">

  <leader>00543cam a2200169   4500</leader>
  <controlfield tag="001">BIO001560</controlfield>
  <controlfield tag="008">       1993                        spa  </controlfield>
  <datafield tag="035" ind1=" " ind2=" ">
    <subfield code="a">BIO001560</subfield>
  </datafield>
  <datafield tag="050" ind1=" " ind2="4">
    <subfield code="a">QH307.2</subfield>
    <subfield code="b">O7 1993</subfield>
  </datafield>
  <datafield tag="110" ind1="2" ind2=" ">
    <subfield code="a">ONU. Programa de las Naciones Unidas para el Medio Ambiente</subfield>
  </datafield>
  <datafield tag="245" ind1=" " ind2="0">
    <subfield code="a">Convenio Sobre Diversidad Biol&#xF3;gica /</subfield>
    <subfield code="c">[Programa de las Naciones Unidas para el Medio Ambiente.</subfield>
  </datafield>
  <datafield tag="260" ind1=" " ind2=" ">
    <subfield code="a">(Quito, Ecuador) :</subfield>
    <subfield code="b">[ONU],</subfield>
    <subfield code="c">1993</subfield>
  </datafield>
  <datafield tag="300" ind1=" " ind2=" ">
    <subfield code="a">41p. ;</subfield>
    <subfield code="c">22cm.</subfield>
  </datafield>
  <datafield tag="500" ind1=" " ind2=" ">
    <subfield code="a">8 ejemplares.</subfield>
  </datafield>
  <datafield tag="650" ind1=" " ind2="4">
    <subfield code="a">Biodiversidad.</subfield>
  </datafield>
  <datafield tag="942" ind1=" " ind2=" ">
    <subfield code="2">lcc</subfield>
    <subfield code="c">LIB</subfield>
  </datafield>
  <datafield tag="999" ind1=" " ind2=" ">
    <subfield code="c">57977</subfield>
    <subfield code="d">57977</subfield>
  </datafield>
  <datafield tag="952" ind1=" " ind2=" ">
    <subfield code="1">0</subfield>
    <subfield code="2">lcc</subfield>
    <subfield code="4">1</subfield>
    <subfield code="7">0</subfield>
    <subfield code="a">LIC-032</subfield>
    <subfield code="b">LIC-032</subfield>
    <subfield code="c">GENERAL</subfield>
    <subfield code="d">2015-06-30</subfield>
    <subfield code="f">1a. ed.</subfield>
    <subfield code="k">CNE</subfield>
    <subfield code="o">QH307.2 O7 1993</subfield>
    <subfield code="p">BFB000002227</subfield>
    <subfield code="r">2015-06-30 00:00:00</subfield>
    <subfield code="t">C:6</subfield>
    <subfield code="v">1.00</subfield>
    <subfield code="y">LIB</subfield>
  </datafield>
  <datafield tag="952" ind1=" " ind2=" ">
    <subfield code="1">0</subfield>
    <subfield code="2">lcc</subfield>
    <subfield code="4">1</subfield>
    <subfield code="7">0</subfield>
    <subfield code="a">LIC-032</subfield>
    <subfield code="b">LIC-032</subfield>
    <subfield code="c">GENERAL</subfield>
    <subfield code="d">2015-06-30</subfield>
    <subfield code="f">1a. ed.</subfield>
    <subfield code="k">CNE</subfield>
    <subfield code="o">QH307.2 O7 1993</subfield>
    <subfield code="p">BFB000002226</subfield>
    <subfield code="r">2015-06-30 00:00:00</subfield>
    <subfield code="t">C:5</subfield>
    <subfield code="v">1.00</subfield>
    <subfield code="y">LIB</subfield>
  </datafield>
  <datafield tag="952" ind1=" " ind2=" ">
    <subfield code="1">0</subfield>
    <subfield code="2">lcc</subfield>
    <subfield code="4">1</subfield>
    <subfield code="7">0</subfield>
    <subfield code="a">LIC-032</subfield>
    <subfield code="b">LIC-032</subfield>
    <subfield code="c">GENERAL</subfield>
    <subfield code="d">2015-06-30</subfield>
    <subfield code="f">1a. ed.</subfield>
    <subfield code="k">CNE</subfield>
    <subfield code="o">QH307.2 O7 1993</subfield>
    <subfield code="p">BFB000002225</subfield>
    <subfield code="r">2015-06-30 00:00:00</subfield>
    <subfield code="t">C:4</subfield>
    <subfield code="v">1.00</subfield>
    <subfield code="y">LIB</subfield>
  </datafield>
  <datafield tag="952" ind1=" " ind2=" ">
    <subfield code="1">0</subfield>
    <subfield code="2">lcc</subfield>
    <subfield code="4">0</subfield>
    <subfield code="7">0</subfield>
    <subfield code="a">LIC-032</subfield>
    <subfield code="b">LIC-032</subfield>
    <subfield code="c">GENERAL</subfield>
    <subfield code="d">2015-06-30</subfield>
    <subfield code="f">1a. ed.</subfield>
    <subfield code="k">CNE</subfield>
    <subfield code="o">QH307.2 O7 1993</subfield>
    <subfield code="p">BFB000002224</subfield>
    <subfield code="r">2015-06-30 00:00:00</subfield>
    <subfield code="t">C:3</subfield>
    <subfield code="y">LIB</subfield>
  </datafield>
  <datafield tag="952" ind1=" " ind2=" ">
    <subfield code="1">0</subfield>
    <subfield code="2">lcc</subfield>
    <subfield code="4">0</subfield>
    <subfield code="7">0</subfield>
    <subfield code="a">LIC-032</subfield>
    <subfield code="b">LIC-032</subfield>
    <subfield code="c">GENERAL</subfield>
    <subfield code="d">2015-06-30</subfield>
    <subfield code="f">1a. ed.</subfield>
    <subfield code="k">CNE</subfield>
    <subfield code="o">QH307.2 O7 1993</subfield>
    <subfield code="p">BFB000002223</subfield>
    <subfield code="r">2017-11-14 00:00:00</subfield>
    <subfield code="t">C:2</subfield>
    <subfield code="y">LIB</subfield>
  </datafield>
  <datafield tag="952" ind1=" " ind2=" ">
    <subfield code="1">0</subfield>
    <subfield code="2">lcc</subfield>
    <subfield code="4">0</subfield>
    <subfield code="7">8</subfield>
    <subfield code="a">LIC-032</subfield>
    <subfield code="b">LIC-032</subfield>
    <subfield code="c">GENERAL</subfield>
    <subfield code="d">2015-06-30</subfield>
    <subfield code="f">1a. ed.</subfield>
    <subfield code="k">CNE</subfield>
    <subfield code="o">QH307.2 O7 1993</subfield>
    <subfield code="p">BFB000002222</subfield>
    <subfield code="r">2015-06-30 00:00:00</subfield>
    <subfield code="t">C:1</subfield>
    <subfield code="y">LIB</subfield>
  </datafield>
  <datafield tag="952" ind1=" " ind2=" ">
    <subfield code="1">0</subfield>
    <subfield code="2">lcc</subfield>
    <subfield code="4">0</subfield>
    <subfield code="7">8</subfield>
    <subfield code="a">LIC-032</subfield>
    <subfield code="b">LIC-032</subfield>
    <subfield code="c">GENERAL</subfield>
    <subfield code="d">2017-03-30</subfield>
    <subfield code="f">1a. ed.</subfield>
    <subfield code="k">CNE</subfield>
    <subfield code="o">QH307.2 O7 1994</subfield>
    <subfield code="p">BFB000001635</subfield>
    <subfield code="r">2017-03-30 00:00:00</subfield>
    <subfield code="t">C:1</subfield>
    <subfield code="y">LIB</subfield>
  </datafield>
</record>
